Govt. of
Madhya Pradesh

Normal view MARC view

Entry Personal Name

Number of records used in: 0

001 - CONTROL NUMBER

  • control field: 47873

003 - CONTROL NUMBER IDENTIFIER

  • control field: OSt

005 - DATE AND TIME OF LATEST TRANSACTION

  • control field: 20160320160537.0

008 - FIXED-LENGTH DATA ELEMENTS

  • fixed length control field: 160320|| aca||aabn | a|a d

040 ## - CATALOGING SOURCE

  • Original cataloging agency: OSt
  • Transcribing agency: OSt

100 ## - HEADING--PERSONAL NAME

  • Personal name: खुदा बख्‍श

670 ## - SOURCE DATA FOUND

  • Source citation: Work cat.: (OSt)18499: खुदा बख्‍श , खुदा बख्‍श पुस्‍तकालय , 2004